000 00825nam a2200253Ia 4500
003 OSt
005 20220918171328.0
006 a|||||r|||| 00| 0
007 ta
008 220917b |||||||| |||| 00| 0 eng d
020 _a9781498562782 (hbk)
_cUKP 65.00
024 _a351,926
037 _b59630, 17/12/2019, Segment Book Distributors
_cTextual
040 _aARTS
_cARTS
_beng
041 _2eng
_aeng
082 _aR3xC57:g, Q9
100 _aLier Tiago Au.
_935833
245 0 _aReason rhetoric and the philosophical life in Plato's phaedrus
260 _aLanham
_bLexington Books Maryland
_c2019
300 _axx,250p.
_ccm.
650 _aPHILOSOPHERS; PLATO
_928987
942 _hR3xC57:g, Q9
_cTEXL
_2CC
999 _c139061
_d139061